| 000 | 01538nam a22002895a 4500 | ||
|---|---|---|---|
| 999 |
_c24765 _d24737 |
||
| 003 | EG-ScBUE | ||
| 005 | 20200304114908.0 | ||
| 008 | 160922s2016 ua f b 000 0 ara d | ||
| 040 |
_aEG-ScBUE _bara _erda _cEG-ScBUE _dEG-ScBUE |
||
| 043 | _af-ua--- | ||
| 082 | 0 | 4 |
_a342.62066 _bص ا و _222 |
| 100 | 1 |
_aصاوي، أحمد السيد، _eمؤلف. |
|
| 245 | 1 | 2 |
_aالوسيط في شرح قانون المرافعات المدنية والتجارية : _bمعدلا بالقانون رقم 76 لسنة 2007 والقانون رقم 120 لسنة 2008 بإنشاء المحاكم الاقتصادية / _cالدكتور أحمد السيد الصاوي، عميد كلية الحقوق - جامعة القاهرة سابقا، محام أمام محكمة النقض، حائز على جائزة الدولة في قانون المرافعات. |
| 264 | 1 |
_a[القاهرة] : _bأكاديمية الشرطة، كلية الشرطة، _c2016. |
|
| 300 |
_aمجلدان ؛ _c24 سم |
||
| 336 |
_2rdacontent _aنص _btxt |
||
| 337 |
_2rdamedia _aبدون وسيط _bn |
||
| 338 |
_2rdacarrier _aمجلد _bnc |
||
| 504 | _aيشتمل على إرجاعات ببليوجرافية. | ||
| 521 | _aموجه إلى طلبة كلية الشرطة السنة الثالثة. | ||
| 650 | 7 |
_aقانون المرافعات _zمصر. _2BUEsh _920382 |
|
| 650 | 7 |
_aقانون الإجراءات المدنية والتجارية _zمصر. _2BUEsh |
|
| 651 | _2BUEsh | ||
| 653 |
_bLLAAWW _cMarch2020 |
||
| 655 |
_vReading book _934232 |
||
| 942 | _2ddc | ||